Economic Policy in the European Union Member Countries Proceedings of 15th International Scientific Conference : 8th - 10th November 2017, Kopřivnice, Czech Republic

Salvato in:
Dettagli Bibliografici
Enti autori: Economic Policy in the European Union Member Countries. International Scientific Conference, Ekonomická fakulta VŠB - TU Ostrava. Katedra národohospodářská, Obchodně podnikatelská fakulta v Karviné SU v Opavě. Katedra ekonomie a veřejné správy
Altri autori: Filipová, Lenka, Adámek, Emil, Lasotová, Veronika
Natura: Libro
Lingua:inglese
Pubblicazione: Ostrava Faculty of Economics VŠB - Technical university of Ostrava 2018
Edizione:1st edition
Soggetti:
Tags: Aggiungi Tag
Nessun Tag, puoi essere il primo ad aggiungerne!!

MARC

LEADER 00000nlm a2200000 4500
001 0241352
005 20240514074751.5
020 |a 978-80-248-4155-7 
041 0 |a eng 
044 |a CZ 
245 1 0 |a Economic Policy in the European Union Member Countries  |b Proceedings of 15th International Scientific Conference : 8th - 10th November 2017, Kopřivnice, Czech Republic  |c Editors: Lenka Filipová, Emil Adámek, Veronika Lasotová 
250 |a 1st edition 
264 1 |a Ostrava  |b Faculty of Economics VŠB - Technical university of Ostrava  |c 2018 
300 |a online [323 s.] 
610 2 0 |a politika hospodárska medzinárodná 
610 2 0 |a integrácia ekonomická medzinárodná 
610 2 0 |a Európska únia 
700 1 |a Filipová, Lenka 
700 1 |a Adámek, Emil 
700 1 |a Lasotová, Veronika 
110 2 |a Economic Policy in the European Union Member Countries. International Scientific Conference 
710 2 |a Ekonomická fakulta VŠB - TU Ostrava. Katedra národohospodářská 
710 2 |a Obchodně podnikatelská fakulta v Karviné SU v Opavě. Katedra ekonomie a veřejné správy